The romantic revolution in America, 1800-1860

Spremljeno u:
Bibliografski detalji
Glavni autor: Parrington, Vernon Louis
Format: Knjiga
Jezik:Undetermined
Izdano: London A harvest book 1954
Teme:
Oznake: Dodaj oznaku
Bez oznaka, Budi prvi tko označuje ovaj zapis!
Thư viện lưu trữ: Trung tâm Học liệu Trường Đại học Cần Thơ
LEADER 00560nam a2200193Ia 4500
001 CTU_89533
008 210402s9999 xx 000 0 und d
082 |a 810.9 
082 |b P261/Vol.2 
100 |a Parrington, Vernon Louis 
245 4 |a The romantic revolution in America, 1800-1860 
245 0 |c Vernon Louis Parrington 
260 |a London 
260 |b A harvest book 
260 |c 1954 
650 |a American literature 
650 |y Colonial period, ca. 1600-1775 
904 |i Vương 
980 |a Trung tâm Học liệu Trường Đại học Cần Thơ